000 00612nam a22001817a 4500
003 BUBTL
008 191117b xxu||||| |||| 00| 0 eng d
082 _a891.443 / BAR
100 _92285
_aবসু, বুদ্ধদেব
245 _aরাত ভ'রে বৃষ্টি /
_cবুদ্ধদেব বসু
250 _a1st ed.
260 _aঢাকা :
_bআজকাল প্রকাশনী,
_cc1994.
300 _a56 p. :
_c22 cm.
650 0 _91687
_aবাংলা সাহিত্য
856 _k0
_l0
_yDownload
942 _2ddc
_cBK
999 _c6158
_d6158